A study of factors involved in quality of homestyle potato chips /

Bibliographic Details
Main Author: Schoelles, Dale Brian, 1955-
Format: Thesis eBook
Language:English
Published: [Place of publication not identified] : [publisher not identified] ; 1987.
Subjects:
Online Access:Link to OAKTrust copy

MARC

Tag First Indicator Second Indicator Subfields
LEADER 00000cam a2200000 a 4500
001 in00000019349
005 20220103115027.0
007 cr unu a
008 880725s1987 xx a b 00010 eng d
035 |9 AAB4444AM 
035 |a (OCoLC)18267068 
040 |a TXA  |c TXA  |d UtOrBLW 
049 |a TXAZ [Also in] [Archives]  |c 1 [A10997214], 2 [A10997264] 
099 |a 1987  |a Thesis  |a S364 
100 1 |a Schoelles, Dale Brian,  |d 1955- 
245 1 2 |a A study of factors involved in quality of homestyle potato chips /  |c by Dale Brian Schoelles. 
264 1 |a [Place of publication not identified] :  |b [publisher not identified] ;  |c 1987. 
300 |a x, 82 leaves :  |b illustrations ;  |c 29 cm. 
336 |a text  |b txt  |2 rdacontent 
337 |a computer  |b c  |2 rdamedia 
338 |a online resource  |b cr  |2 rdacarrier 
500 |a "Major subject: Food Science and Technology." 
500 |a Typescript (photocopy). 
500 |a Vita. 
502 |b M.S.  |c Texas A&M University  |d 1987. 
504 |a Bibliography: leaves 66-69. 
530 |a Also available online. 
650 0 |a Potato chips. 
650 0 |a Potatoes  |x Research. 
650 4 |a Major food science and technology. 
856 4 1 |u https://hdl.handle.net/1969.1/ETD-TAMU-1987-THESIS-S364  |z Link to OAKTrust copy  |t 0 
999 |a MARS 
999 f f |s 9c9b23f4-d59b-3517-950d-c98f315eeca4  |i de646a22-c41f-3506-be1c-2957651fcc1c  |t 0 
952 f f |p noncirc  |a Texas A&M University  |b J.J. Pickle Campus  |c High Density Repository  |s HDR  |d Remote Storage  |t 0  |e 1987 Thesis S364  |h Other scheme  |i computer -- online resource  |m A14839621636 
952 f f |a Texas A&M University  |b College Station  |c Electronic Resources  |s www_evans  |d Available Online  |t 0  |e 1987 Thesis S364  |h Other scheme 
998 f f |a 1987 Thesis S364  |t 0  |l Available Online 
998 f f |a 1987 Thesis S364  |t 0  |l Remote Storage